LEADER 00979nam0-22003251--450- 001 990008141090403321 005 20060201102056.0 035 $a000814109 035 $aFED01000814109 035 $a(Aleph)000814109FED01 035 $a000814109 100 $a20050704d1961----km-y0itay50------ba 101 0 $ager 102 $aDE 105 $ay---n---001yy 200 1 $a<>Aussenpolitik des Augustus und die augusteische Dichtung$fvon Hans D. Meyer 210 $aKöln, Graz$cBöhlau$d1961 215 $a108 p.$d24 cm 225 1 $aKölner historische Abhandlungen ...$v5 676 $a304.5$v11 rid.$zita 700 1$aMeyer,$bHans Dieter$0392585 801 0$aIT$bUNINA$gRICA$2UNIMARC 901 $aBK 912 $a990008141090403321 952 $aDDR-XX Dc I 066$b17 ddr$fDDR$m21-7225 952 $aXXI Collez. 94 (5)$b70559$fFGBC 959 $aDDR 959 $aFGBC 996 $aAussenpolitik des Augustus und die augusteische Dichtung$9756589 997 $aUNINA LEADER 01149nam0-22003251i-450- 001 990001865150403321 005 20081020132908.0 035 $a000186515 035 $aFED01000186515 035 $a(Aleph)000186515FED01 035 $a000186515 100 $a20030910d1965----km-y0itay50------ba 101 0 $aita 102 $aIT 105 $ay-------001yy 200 1 $aIndagini sull'interdipendenza fra la lunghezza dei rami di un anno e l'attività vegetativa e produttiva del nocciuolo$fPiero Romisondo 210 $aTorino$c[s.n.]$d1965 215 $a21 p.$d24 cm 225 1 $aRaccolta di memorie$fUniversità degli studi di Torino. Facoltà di scienze agrarie$v465 300 $aEstr. da: Annali dell'Accademia di Agricoltura di Torino, 1964-1965. 610 0 $aCorylus 676 $a634.54 700 1$aRomisondo,$bPiero$076209 801 0$aIT$bUNINA$gRICA$2UNIMARC 901 $aBK 912 $a990001865150403321 952 $a60 MISC. B 131/465$fFAGBC 959 $aFAGBC 996 $aIndagini sull'interdipendenza fra la lunghezza dei rami di un anno e l'attività vegetativa e produttiva del nocciuolo$9401568 997 $aUNINA LEADER 00933nam2-2200313---450- 001 990003615360203316 005 20120125085859.0 010 $a3-85951-166-1 035 $a000361536 035 $aUSA01000361536 035 $a(ALEPH)000361536USA01 035 $a000361536 100 $a20120125d1991----km-y0itay50------ba 101 0 $alat$aita 102 $aCH 105 $ah|||||||001yy 200 1 $a<> Italy XX$e[Italia centrale: Lucca, 10]$fpublished by Francesco Magistrale 210 $aDietikon-Zurich$cUrs Graf$d1991 215 $aX, 114 p.$cfacsimili$d45 cm 461 0$10010002712$12001$aChartae latinae antiquiores 702 1$aMAGISTRALE,$bFrancesco 801 0$aIT$bsalbc$gISBD 912 $a990003615360203316 951 $aV.3.F. 20 39$b233836 L.M.$cV.3.$d00305897 959 $aBK 969 $aUMA 979 $aANNAMARIA$b90$c20120125$lUSA01$h0858 996 $aItaly XX$91137507 997 $aUNISA